000 00695nam a22002537a 4500
001 BR8900695
003 BR-BrBNA
005 20230928093139.0
007 ta
008 230509b bl.||||| |||| 00| 0 por d
040 _aBR-BrBNA
_bpor
_cBiblioteca Nacional de Agricultura
041 _a(Por)
072 _aF01
_b0395
090 _ 0395 BR8900695
110 1 _aDierberger Agricola S.A., Limeira, SP (Brasil)
_93410
245 1 _aA nogueira do oleo tungue (Aleurites fordii Hemsl)
260 3 _aLimeira, SP (Brasil):
_c1940.
300 _a10 p.
650 _aTUNGUE
650 _aPLANTA OLEAGINOSA
650 _aPRATICA CULTURAL
909 _a202309
_bLucia
_c55
_dLucia Elande
942 _cBK
999 _c43257
_d43257